| 000 | 00645nam a2200181Ia 4500 | ||
|---|---|---|---|
| 008 | 100920s9999 xx 000 0 und d | ||
| 082 |
_b59026 _a891.43 थ 90 |
||
| 100 | _aसिंह शमशेर बहादुर. | ||
| 245 | _aटूटी हुई, बिखरी हुई. | ||
| 260 |
_bराधाकृष्ण प्रकाशन,दिल्ली. _c1990 |
||
| 300 |
_a168 _bसाधी |
||
| 365 | _b75 | ||
| 520 | _aहिंदी. | ||
| 630 | _aटूटी हुई, बिखरी हुई. | ||
| 650 | _aहिंदी. | ||
| 730 | _aटूटी हुई, बिखरी हुई. | ||
| 942 | _cBOOK | ||
| 999 |
_c702518 _d702515 |
||